| 000 | 004620000a22001810004500 | ||
|---|---|---|---|
| 003 | MACL | ||
| 005 | 20150712120401.0 | ||
| 008 | 150712b xxu||||| |||| 00| 0 eng d | ||
| 040 |
_aMACL _cMACL |
||
| 041 | _aEnglish | ||
| 082 | _a320/RAJ | ||
| 100 |
_aRajimwale, Anil _91839 |
||
| 245 | _aProblems of Marxist Dialectics | ||
| 260 |
_bPeoples publishing House _c2008 _aNew Delhi |
||
| 350 | _a90 | ||
| 650 |
_aPolitical Science _988 |
||
| 942 |
_cBK _k320/RAJ _2ddc |
||
| 999 |
_c42044 _d42044 |
||